000 00648nam a2200145Ia 4500
005 20250227041736.0
008 240331s9999 xx 000 0 und d
082 _bVEE
_22179
_a920
100 _aVeeramani, K
245 0 _aThamilaka Munnodikal:
_bThanthai Periyar
260 _aChennai
_bPeriyar Suyamariyaathai Pirachchaara Niruvana Veliyidu
_c1994
300 _a26 p.,
500 _aBiography of E. V. Ramasamy, also known as Thanthai Periyar, a prominent social reformer, thinker, and activist from Tamil Nadu, India, widely known for his efforts to eradicate caste discrimination, promote rationalism, and work toward social justice.
942 _cL
999 _c4277
_d4277